000 01356nam a22002895a 4500
999 _c1662
_d1662
001 1697336
003 CoMeUDC
005 20230331182203.0
008 220127s2015 ck gr 000 0dspa d
020 _a9789584674005
040 _aCO-BoBLA
_bspa
_cCO-UdeC
_erda
082 0 4 _a324
_bR741
100 1 _aRojas Romero, Rosa Isabel.
245 1 0 _aAnálisis comparado de la institucionalidad electoral entre Colombia y los demás países miembros de UNIORE /
_cRosa Isabel Rojas Romero.
264 4 _aBogotá :
_bRegistraduría Nacional del Estado Civil,
_bCentro de estudios en democracia y asuntos electorales,
_c2015.
300 _a187 p. ;
_c28 cm.
490 1 _aDemocracia ;
_v1
504 _aIncluye bibliografía
505 _aMarco teórico y metodológico de la investigación -- Organización electoral -- La organización electoral en los países miembros de UNIORE -- Organización electoral colombiana -- Análisis comparado de la institucionalidad electoral en los países miembros de UNIORE -- Conclusiones y recomendaciones
546 _aEspañol
650 4 _aDerecho comparado
_z Colombia.
650 4 _aSistemas electorales
_z América Latina.
650 0 _aPoder público
_z Colombia.
_92305
650 0 _aPartidos políticos
_z América Latina.
_997
650 4 _aDemocracia
_x Elecciones
_z América Latina.
942 _2ddc
_cBK